000 00260nam a22001097a 4500
999 _c64900
_d64897
082 _a297.03 u p l
100 _aیونیورستی اہف پنجاب
245 _aانسائکلوپیدیا
260 _aلاھور
_c۱۹۹۳
300 _a۶۰۳
942 _cBK